[Event "DEM U12/U12w 2006"]
[Site "Willingen GER"]
[Date "2006.06.04"]
[Round "1"]
[White "Kügel, Tobias"]
[Black "Ma, Beini"]
[Result "1/2-1/2"]
[Termination "normal"]
[Board "4"]
[WhiteElo "1408"]
[BlackElo "1960"]
[PlyCount "102"]
[WhiteFideId "4636295"]
[BlackFideId "24630101"]
[EventCountry "GER"]
[EventRounds "11"]
[EventType "swiss"]
[EventDate "2006.06.03"]

1. e4 c5 2. Nf3 d6 3. d4 cxd4 4. Qxd4 e5 5. Bb5+ Bd7 6. Bxd7+ Qxd7 7. Qd3 Nf6
8. Nc3 Nc6 9. Bg5 Be7 10. Bxf6 Bxf6 11. O-O-O O-O-O 12. Kb1 Kb8 13. Rd2 Ne7 14.
Rhd1 Qc6 15. Nd5 Ng6 16. Nxf6 gxf6 17. g3 Ne7 18. Ng1 d5 19. f3 d4 20. Qb3 Qe6
21. Ne2 Qxb3 22. axb3 Kc7 23. c3 dxc3 24. bxc3 f5 25. Kc2 fxe4 26. Rxd8 Rxd8
27. Rxd8 Kxd8 28. fxe4 f5 29. Kd3 Kd7 30. exf5 Nxf5 31. Ng1 Kd6 32. Nf3 Ne7 33.
g4 Nd5 34. Ng5 Nf6 35. Ne4+ Nxe4 36. Kxe4 a5 37. c4 Kc5 38. h4 Kb4 39. g5 Kxb3
40. h5 a4 41. g6 hxg6 42. hxg6 a3 43. g7 a2 44. g8=Q a1=Q 45. c5+ Kb4 46. Qd5
Qe1+ 47. Kf5 Qf2+ 48. Ke6 Qf4 49. Qxb7+ Kxc5 50. Qc7+ Kd4 51. Qd6+ Kc3 1/2-1/2